Countries Ending in 'N' per Letter Quiz Stats

Quiz Updated Jan 17, 2015

Challenge
Share
Tweet
Embed
Score 0/14 Timer 02:00
0 Plays Today
Letter Country % Correct
YYemen
92.6%
JJapan, Jordan
91.7%
OOman
90.3%
AAfghanistan, Azerbaijan
85.2%
BBahrain, Benin, Bhutan
83.9%
SSpain, Sudan, South Sudan, Sweden
82.9%
TTaiwan, Tajikistan, Turkmenistan
81.9%
Letter Country % Correct
KKyrgyzstan, Kazakhstan
78.4%
UUzbekistan
78%
IIran
77.3%
LLebanon, Liechtenstein
70.1%
PPakistan
69.3%
GGabon
60.8%
CCameroon
54%

You're not logged in!

Compare scores with friends on all Sporcle quizzes.
Join for Free
OR
Log In

You Might Also Like...

Show Comments

Extras

Top Quizzes Today


Score Distribution

Your Account Isn't Verified!

In order to create a playlist on Sporcle, you need to verify the email address you used during registration. Go to your Sporcle Settings to finish the process.

Report this User

Report this user for behavior that violates our Community Guidelines.

Details: